1868 1661 1089 1600 1629 1454 1050 1977 1250 1956 1958 1805 1214 1669 1515 1502 1455 1257 1443 1705 1954 1871 1343 1465 1033 1816 1903 1685 1181 1906 1102 1078 1571 1101 1193 1087 1967 1150 1806 1905 1037 1830 1340 1057 1870 1217 1371 1529 1632 1957 1438 1973 1001 1714 1740 1647 1338 1717 1992 1199 1739 1834 1713 1052 1993 1170 1053 1835 1265 1863 1166 1782 1986 1182 1274 1840 1798 1123 1034 1856 1186 1458 1168 1296 1842 1439 1668 1513 1720 1632 1077 1007 1143 1386 1307 1206 1267 1734 1958 BCNSPRNW ULIB Ver.6.0+V

เปลี่ยนเป็นภาษาไทย

Change to English
 แสดงรายละเอียดบรรณานุกรม
  กลับหน้าหลัก

Brief Record : Get Marc (ISO 2709) : E-mail record : QR code < ปิดหน้าต่าง
LEADER : 00000nam 2200000uu 4500
001    13399127352
003     ULIB
008    200428s2562||||th 000 0 tha d
020 ^- ^a9786164683822
050 ^- ^aLB1028^bอ645ก
100 0^ ^aอิทธิพัทธ์ สุวทันพรกูล.
245 10 ^aการวิจัยทางการศึกษา :แนวคิดและการประยุกต์ใช้ = Education research : concepts and applications /^cอิทธิพัทธ์ สุวทันพรกูล.
246 11 ^aEducation research : concepts and applications
250    พิมพ์ครั้งที่ 2
260 ^- ^aกรุงเทพฯ :^bโรงพิมพ์แห่งจุฬาลงกรณ์มหาวิทยาลัย,^c2562
300 ^- ^a438 หน้า :^bภาพประกอบ.
650 ^4 ^aการศึกษา^xวิจัย.
945    ^p350^l0^i006988
945    ^p350^l0^i006989
945    ^p350^l0^i006990
945    ^p350^l0^i006991
945    ^p350^l0^i006992
945    ^p350^l0^i006993
945    ^p350^l0^i006994
945    ^p350^l0^i006995
945    ^p350^l0^i006996
945    ^p350^l0^i006997
999    ^aประนอม เกษจรัล
รายการนี้ยังไม่มีแท็ก
คุณยังไม่ได้ล็อกอิน คุณสามารถมีกิจกรรมร่วมกับเว็บไซต์ได้ แต่ต้องล็อกอินก่อน ::
  ล็อกอิน

รายการสื่อสารสนเทศ

ลำดับที่ ประเภท เลขเรียก/บาร์โค้ด สถานที่ สถานะ
1. การศึกษาทั่วไป
หนังสือสำรอง
สถานะ=หนังสือสำรอง
LB1028 อ645ก ฉ.1 
  Barcode: 006988
ห้องสมุดวิทยาเขตสวรรค์ประชารักษ์
►หนังสือทั่วไป
บนชั้น
2. การศึกษาทั่วไป
การศึกษาทั่วไป
LB1028 อ645ก ฉ.10 
  Barcode: 006997
ห้องสมุดวิทยาเขตสวรรค์ประชารักษ์
►หนังสือทั่วไป
บนชั้น
3. การศึกษาทั่วไป
การศึกษาทั่วไป
LB1028 อ645ก ฉ.2 
  Barcode: 006989
ห้องสมุดวิทยาเขตสวรรค์ประชารักษ์
►หนังสือทั่วไป
บนชั้น
4. การศึกษาทั่วไป
การศึกษาทั่วไป
LB1028 อ645ก ฉ.3 
  Barcode: 006990
ห้องสมุดวิทยาเขตสวรรค์ประชารักษ์
►หนังสือทั่วไป
บนชั้น
5. การศึกษาทั่วไป
การศึกษาทั่วไป
LB1028 อ645ก ฉ.4 
  Barcode: 006991
ห้องสมุดวิทยาเขตสวรรค์ประชารักษ์
►หนังสือทั่วไป
บนชั้น
6. การศึกษาทั่วไป
การศึกษาทั่วไป
LB1028 อ645ก ฉ.5 
  Barcode: 006992
ห้องสมุดวิทยาเขตสวรรค์ประชารักษ์
►หนังสือทั่วไป
บนชั้น
7. การศึกษาทั่วไป
การศึกษาทั่วไป
LB1028 อ645ก ฉ.6 
  Barcode: 006993
ห้องสมุดวิทยาเขตสวรรค์ประชารักษ์
►หนังสือทั่วไป
บนชั้น
8. การศึกษาทั่วไป
การศึกษาทั่วไป
LB1028 อ645ก ฉ.7 
  Barcode: 006994
ห้องสมุดวิทยาเขตสวรรค์ประชารักษ์
►หนังสือทั่วไป
บนชั้น
9. การศึกษาทั่วไป
การศึกษาทั่วไป
LB1028 อ645ก ฉ.8 
  Barcode: 006995
ห้องสมุดวิทยาเขตสวรรค์ประชารักษ์
►หนังสือทั่วไป
บนชั้น
10. การศึกษาทั่วไป
การศึกษาทั่วไป
LB1028 อ645ก ฉ.9 
  Barcode: 006996
ห้องสมุดวิทยาเขตสวรรค์ประชารักษ์
►หนังสือทั่วไป
บนชั้น

รายการใกล้เคียง
    ผู้แต่ง [อิทธิพัทธ์ สุวทันพรกูล.]

BibComment


ยังไม่เคยถูกคอมเมนท์

คอมเมนท์ทรัพยากรรายการนี้
  คอมเมนท์: การวิจัยทางการศึ..


 Copyright 2026. Bcnsprnw @Library